000 00984nam a22002297a 4500
005 20240530110552.0
008 160725s2014 ua f 000 0 ara d
017 _a2013/20171
_bمصر . دار الكتب المصرية
020 _a9789774114916
040 _aEG-CaGPL
082 0 4 _221
_a658.3124\
_bا ب
100 0 _aالسيد على شتا
245 1 2 _aالبرامج التدريبية لاعداد القادة :
_bالاداريين و التربويين و الاجتماعيين و الففيين فى المؤسسات الحكومية و الاهلية /
_cالسيد على شتا
250 _aط. 1
260 _aالقاهرة :
_bالمكتبة المصرية للنشر و التوزيع ،
_c2014 .
300 _a376 ص. ؛
_c24 سم .
504 _aيشتمل على ارجاعات ببليوجرافية
650 0 4 _aالتدريب
650 0 4 _aالموظفون
_xتريب
650 0 4 _aالقادة الاداريون
_xتدريب
942 _2ddc
_cBK
999 _c62486
_d62486